Your career game how game theory can help you achieve your professional goals /

Bibliographic Details
Main Author: Bennett, Nathan, 1961-
Corporate Author: ProQuest (Firm)
Other Authors: Miles, Stephen A.
Format: Electronic eBook
Language:English
Published: Stanford, CA : Stanford Business Books, c2010.
Subjects:
Online Access:Click to View
LEADER 01373nam a2200361Ia 4500
001 EBC537847
003 MiAaPQ
005 20200520144314.0
006 m o d |
007 cr cn|||||||||
008 091105s2010 cau sb 001 0 eng d
010 |z  2009046753 
020 |z 9780804756280 (cloth : alk. paper) 
020 |z 0804756287 (cloth : alk. paper) 
035 |a (MiAaPQ)EBC537847 
035 |a (Au-PeEL)EBL537847 
035 |a (CaPaEBR)ebr10392270 
035 |a (OCoLC)638861369 
040 |a MiAaPQ  |c MiAaPQ  |d MiAaPQ 
050 4 |a HF5381  |b .B3623 2010 
100 1 |a Bennett, Nathan,  |d 1961- 
245 1 0 |a Your career game  |h [electronic resource] :  |b how game theory can help you achieve your professional goals /  |c Nathan Bennett and Stephen A. Miles. 
260 |a Stanford, CA :  |b Stanford Business Books,  |c c2010. 
300 |a x, 257 p. 
504 |a Includes bibliographical references and index. 
533 |a Electronic reproduction. Ann Arbor, MI : ProQuest, 2015. Available via World Wide Web. Access may be limited to ProQuest affiliated libraries. 
650 0 |a Career development. 
650 0 |a Game theory. 
650 0 |a Executives  |v Interviews. 
655 4 |a Electronic books. 
700 1 |a Miles, Stephen A. 
710 2 |a ProQuest (Firm) 
856 4 0 |u https://ebookcentral.proquest.com/lib/matrademy/detail.action?docID=537847  |z Click to View